Perdurabo e il white album : romanzo d'avventure /

Gardado en:
Detalles Bibliográficos
Autor Principal: Solaro, Giovanni (Author)
Formato: Libro
Idioma:Lingua italiana
Publicado: Omegna : Libreria Il punto, 1986
Tags: Engadir etiqueta
Sen Etiquetas, Sexa o primeiro en etiquetar este rexistro!

MARC

LEADER 00000nam a22000007i 4500
001 IT\ICCU\UBO\3026632
003 ItRI
005 20260115232302.0
008 060725s1986 it |||||| ||||| |||||c
040 |b ita  |c importazione bologna sebina 
041 7 |a ita  |2 ISO-639-2 
100 1 |a Solaro, Giovanni  |0 IT\ICCU\TO0V\153430  |4 aut 
245 1 0 |a Perdurabo e il white album :  |b romanzo d'avventure /  |c Giovanni Solaro. 
260 |a Omegna :  |b Libreria Il punto,  |c 1986 
300 |a 172 p. ;  |c 22 cm. 
942 |2 ddc  |c BK  |n 0 
952 |0 0  |1 0  |4 0  |6 DOC_853_914000000000000_SOL  |7 0  |9 23567  |a BO  |b BO  |d 2026-01-15  |i 9054  |l 0  |o DOC 853.914 SOL  |p BO9054  |r 2026-01-15 23:23:02  |w 2026-01-15  |x [Sebina 5] [1 v.]  |y BK  |z 1 v. 
999 |c 20075  |d 20075